| 000 | 00569nam a22002051a 4500 | ||
|---|---|---|---|
| 001 | 1282 | ||
| 003 | OSt | ||
| 005 | 20260204211728.0 | ||
| 008 | 040117s1999||||dr ||||||b||||||||||spa|| | ||
| 050 | _aRD 016.3407293 M938b | ||
| 082 | _aRD016.3407293 M938b | ||
| 100 | _aMoya Pons, Frank | ||
| 245 | _aBibliografía del derecho Dominicano (1944-1998) / Frank Moya Pons | ||
| 264 | _aSanto Domingo : Judicial | ||
| 300 | _a284 p. | ||
| 500 | _aIncluye bibliografías | ||
| 650 | _a1.Derecho Dominicano-Bibliografía | ||
| 700 | _aMarisol FlorénÌ | ||
| 942 |
_2ddc _cBK |
||
| 999 |
_c1282 _d1282 |
||